La opinión pública y la propaganda
Guardat en:
| Autor principal: | |
|---|---|
| Format: | Llibre |
| Idioma: | espanyol |
| Publicat: |
Buenos Aires
Paidos
1967
|
| Col·lecció: | Biblioteca del Hombre Contemporáneo, 190
|
| Matèries: | |
| Etiquetes: |
Afegir etiqueta
Sense etiquetes, Sigues el primer a etiquetar aquest registre!
|
MARC
| LEADER | 00000nam a2200000 a 4500 | ||
|---|---|---|---|
| 001 | UCT8394 | ||
| 003 | CL-VaPUC | ||
| 008 | 970326e19670000AG |||||||||||||||||spa|d | ||
| 082 | 0 | 4 | |a 302.23 |b YOU |2 21 |
| 100 | 0 | |a Young, K |e author |9 380121 | |
| 245 | 1 | 3 | |a La opinión pública y la propaganda |
| 300 | |a 242 p | ||
| 942 | |c BK | ||
| 945 | |d 19970326 00:00:00 |a nastorga | ||
| 260 | |a Buenos Aires |b Paidos |c 1967 | ||
| 650 | 0 | |a Opinión pública |9 255512 | |
| 650 | 0 | |a Propaganda |9 322285 | |
| 650 | 0 | |a Democracia |9 255256 | |
| 650 | 7 | |a PSICOLOGIA DE LA COMUNICACION |2 CL-VaPUC |9 332059 | |
| 650 | 0 | |a Sociología del conocimiento |9 308651 | |
| 650 | 0 | |a Periódicos |9 335528 | |
| 650 | 0 | |a Radio |9 260680 | |
| 650 | 0 | |a Cine |9 225706 | |
| 650 | 0 | |a Publicidad |9 314572 | |
| 583 | |a last modification |c 19970326 00:00:00 |k Rodrigo Vera | ||
| 490 | 0 | |a Biblioteca del Hombre Contemporáneo, 190 | |
| 999 | |c 256896 |d 256894 | ||
| 952 | |0 0 |1 0 |4 0 |6 302_230000000000000_YOU_1967 |7 0 |8 A |9 280011 |a BIBCUR |b BIBCUR |d 2019-11-19 |i 3289842 |o 302.23 YOU 1967 |p 3289842 |r 2025-04-22 |w 2019-11-19 |y BK |k PER | ||